[Event "Mechanics' Summer TNM; G/2 d5"]
[Site "San Francisco"]
[Date "2017.05.23"]
[Round "1.17"]
[White "Askin, Michael"]
[Black "Robertson, Terrance"]
[Result "1-0"]
[WhiteElo "2072"]
[BlackElo "1421"]
[PlyCount "63"]
[EventDate "2017.??.??"]

1. e4 e5 2. Nf3 Nf6 3. Nc3 Nc6 4. Bc4 Nxe4 5. Nxe4 d5 6. Bb5 dxe4 7. Nxe5 Bd7
8. Nxd7 Qxd7 9. d4 exd3 10. Qxd3 Bb4+ 11. c3 Qxd3 12. Bxd3 O-O-O 13. Bf5+ Kb8
14. cxb4 Nxb4 15. O-O g6 16. Bh3 Rhe8 17. Bg5 Nc2 18. Bxd8 Nxa1 19. Bf6 Nc2 20.
g3 a6 21. a3 Ne1 22. Bc3 Nd3 23. Rd1 Nc5 24. Re1 Ne6 25. Bf6 Kc8 26. Rd1 h6 27.
Kg2 b6 28. f4 Kb7 29. Kf2 Nc5 30. Bg2+ c6 31. b4 Ne6 32. Rd7+ 1-0

[Event "Mechanics' Spring TNM; G/2"]
[Site "San Francisco"]
[Date "2017.03.14"]
[Round "1.15"]
[White "Askin, Michael"]
[Black "Simpkins, Jerry"]
[Result "1-0"]
[WhiteElo "2050"]
[BlackElo "1513"]
[PlyCount "49"]
[EventDate "2017.??.??"]

1. d4 e5 2. dxe5 Nc6 3. Nf3 Qe7 4. g3 Nxe5 5. Bg2 d6 6. Nc3 c6 7. O-O Nxf3+ 8.
Bxf3 Bh3 9. Re1 h5 10. Ne4 h4 11. Bf4 O-O-O 12. c4 f6 13. Qa4 a6 14. Red1 Qe6
15. c5 d5 16. Nd6+ Bxd6 17. Bxd6 Rxd6 18. cxd6 hxg3 19. hxg3 Nh6 20. Rac1 Qd7
21. Bxd5 Kb8 22. Bxc6 bxc6 23. Rxc6 Rc8 24. Rb6+ Ka8 25. Qxa6+ 1-0

[Event "Mechanics' Peter Grey TNM; G/2 d5"]
[Site "San Francisco"]
[Date "2017.08.29"]
[Round "4.19"]
[White "Askin, Michael"]
[Black "Touset, Stephen Ka"]
[Result "1-0"]
[WhiteElo "2026"]
[BlackElo "1535"]
[Annotator "Donaldson"]
[PlyCount "21"]
[EventDate "2017.??.??"]

1. d4 Nf6 2. Nf3 d5 3. c4 e6 4. g3 c5 5. Bg2 Nc6 6. O-O Be7 7. cxd5 exd5 8. Nc3
O-O 9. Bg5 Ne4 $6 (9... cxd4 10. Nxd4 h6) 10. Bxe7 Qxe7 $2 (10... Nxe7 11. dxc5
Nxc5 12. Nd4 $14) 11. Nxd5 {
Black is a pawn down for zero compensation, but he could play on.} 1-0

[Event "Mechanics' Fall TNM; G/2 d5"]
[Site "San Francisco"]
[Date "2017.11.21"]
[Round "5.3"]
[White "Askin, Michael"]
[Black "Traub, Igor"]
[Result "0-1"]
[WhiteElo "1992"]
[BlackElo "2162"]
[Annotator "Donaldson"]
[PlyCount "62"]
[EventDate "2017.??.??"]

1. e4 e5 2. Nf3 Nc6 3. Bb5 a6 4. Ba4 d6 5. O-O Nf6 6. Re1 b5 7. Bb3 Be7 8. a4
Na5 9. Ba2 c5 10. Nc3 bxa4 11. Nxa4 Bb7 12. d3 O-O 13. Nc3 h6 14. Bd2 Nc6 15.
Nd5 Nd4 16. Nxe7+ Qxe7 17. Bc4 Nd7 18. Re3 Kh8 19. Nxd4 cxd4 20. Rh3 Nf6 21. g4
Nh7 22. Qc1 d5 23. Bxd5 Bxd5 24. exd5 f5 25. g5 f4 26. gxh6 gxh6 27. Kh1 Qd7
28. Qf1 Rg8 29. Ra5 $2 (29. Rxh6 $1) 29... Rg6 30. Rh5 Qg4 31. Rxe5 Qf3+ 0-1

[Event "Mechanics' Summer TNM; G/2 d5"]
[Site "San Francisco"]
[Date "2017.06.06"]
[Round "3.18"]
[White "Askin, Michael"]
[Black "Tuck, Drew"]
[Result "1/2-1/2"]
[WhiteElo "2072"]
[BlackElo "1607"]
[Annotator "Donaldson"]
[PlyCount "61"]
[EventDate "2017.??.??"]

1. d4 d5 2. c4 e6 3. Nf3 c5 4. g3 Nc6 5. Bg2 Nf6 6. O-O Be7 7. cxd5 exd5 8. Nc3
O-O 9. dxc5 Bxc5 10. Bg5 d4 11. Bxf6 Qxf6 12. Nd5 Qd8 13. Nf4 Bg4 14. Rc1 Bb6
15. Nd2 Rc8 16. Nc4 Re8 17. Re1 a6 18. Qb3 Bc7 19. Qxb7 Bxf4 20. gxf4 Na5 21.
Qxa6 Nxc4 22. Rxc4 Rxc4 23. Qxc4 d3 24. Bd5 $2 (24. Be4 dxe2 (24... d2 $2 25.
Rd1) 25. f3 $11) 24... Rxe2 (24... d2 25. Rd1 Bxe2 26. Bxf7+ Kh8 {is simpler.})
25. Rf1 d2 26. f3 {Diagram [#]} (26. Qd3 Re6 $1 27. Qxd2 Bf3 {wins.}) 26...
Bxf3 $2 (26... Re1 $1 27. Qd3 Bh3) 27. Bxf3 d1=Q 28. Bxe2 Q1d4+ 29. Rf2 Qxc4 (
29... Qxb2) 30. Bxc4 Qd4 31. b3 1/2-1/2

[Event "Mechanics' Peter Grey TNM; G/2 d5"]
[Site "San Francisco"]
[Date "2017.09.19"]
[Round "7.6"]
[White "Askin, Michael"]
[Black "Walder, Michael S"]
[Result "0-1"]
[WhiteElo "2026"]
[BlackElo "2147"]
[PlyCount "48"]
[EventDate "2017.??.??"]

1. d4 Nf6 2. c4 e6 3. Nf3 c5 4. d5 exd5 5. cxd5 d6 6. Nc3 g6 7. Bf4 Bg7 8. Qa4+
Bd7 9. Qb3 Qc7 10. e4 O-O 11. Bd3 Re8 12. Nd2 Nh5 13. Be3 f5 14. f3 Na6 15. Nb5
Qb6 16. a4 Nb4 17. Nc4 Nxd3+ 18. Qxd3 Bxb5 19. axb5 Qxb5 20. O-O Qd7 21. Ra2 b5
22. Nd2 a5 23. Rfa1 a4 24. exf5 Rxe3 0-1

[Event "Mechanics' Peter Grey TNM; G/2 d5"]
[Site "San Francisco"]
[Date "2017.08.08"]
[Round "1.14"]
[White "Askin, Michael"]
[Black "White, Benjamin M"]
[Result "1-0"]
[WhiteElo "2026"]
[BlackElo "1470"]
[PlyCount "37"]
[EventDate "2017.??.??"]

1. d4 f5 2. g3 Nf6 3. Bg2 g6 4. c4 Bg7 5. Nc3 d6 6. Nf3 O-O 7. O-O Nbd7 8. Ng5
Nb6 9. Qb3 e6 10. c5 dxc5 11. Nxe6 c4 12. Nxd8 cxb3 13. Nxb7 Ne4 14. Nc5 Nxc3
15. bxc3 Rb8 16. axb3 Nd7 17. Nxd7 Bxd7 18. Rxa7 Rxb3 19. Bd5+ 1-0

[Event "Mechanics' Spring TNM; G/2"]
[Site "San Francisco"]
[Date "2017.04.18"]
[Round "6.6"]
[White "Askin, Michael"]
[Black "Winslow, Elliott C"]
[Result "0-1"]
[WhiteElo "2050"]
[BlackElo "2310"]
[Annotator "Donaldson"]
[PlyCount "78"]
[EventDate "2017.??.??"]

1. e4 c5 2. Nf3 e6 3. d4 cxd4 4. Nxd4 a6 5. Nc3 Qc7 6. Bd3 Nf6 7. O-O Bc5 8.
Nb3 Be7 9. f4 d6 10. Qf3 Nbd7 11. g4 h6 12. a4 g5 $5 13. e5 dxe5 14. fxg5 e4 (
14... hxg5) 15. Nxe4 hxg5 16. Rf2 Nxe4 $2 (16... Rf8) 17. Qxf7+ Kd8 18. Bxe4
Rf8 {Diagram [#]} 19. Qg7 $2 (19. Nd4 $1 {is very strong.} Rxf7 (19... Nc5 20.
Qxf8+ Bxf8 21. Bxg5+ Be7 (21... Kd7 22. Rf7+) 22. Rf8+ Kd7 23. Rf7) 20. Nxe6+
Ke8 21. Nxc7+ Kf8 22. Rxf7+ Kxf7 23. Nxa8) 19... Rxf2 20. Kxf2 Nf6 21. Qh8+ Kd7
22. Bg6 b5 23. Be3 Qe5 24. Qh3 Bb7 25. Rd1+ Kc7 26. a5 $4 (26. Bd4) 26... Nxg4+
$1 27. Qxg4 Rf8+ 28. Ke2 Bf3+ 29. Qxf3 Rxf3 30. Kxf3 Qf6+ 31. Kg2 Qxg6 32. Bb6+
Kc8 33. Rd2 Qe4+ 34. Kg1 Qg4+ 35. Kf1 Bd6 36. Nd4 Bc7 37. c3 Bxb6 38. axb6 e5
39. Nb3 Qc4+ 0-1

[Event "Mechanics' Fall TNM; G/2 d5"]
[Site "San Francisco"]
[Date "2017.11.07"]
[Round "3.1"]
[White "Askin, Michael"]
[Black "Winslow, Elliott C"]
[Result "1/2-1/2"]
[WhiteElo "1992"]
[BlackElo "2318"]
[Annotator "Winslow,E"]
[PlyCount "51"]
[EventDate "2017.??.??"]

1. e4 c5 2. Nf3 d6 3. d4 cxd4 4. Nxd4 Nf6 5. Nc3 a6 6. Bg5 e6 7. f4 Be7 8. Qf3
h6 9. Bh4 Nbd7 10. O-O-O Qa5 $5 {
Something rare but different. I didn't say good...} (10... g5 $2 11. fxg5 Ne5
$2 (11... hxg5 12. Bxg5 Ne5 {is, well, a pawn down}) 12. gxf6 Nxf3 13. fxe7 {
should be avoided}) (10... Qc7 {
is the long-standing Kavalek-Browne variation, but both} 11. Be2 {when} ({and} 
11. f5) 11... b5 {are all very exciting, but Black is still fighting uphill at
the last measurement.} (11... g5) (11... Rb8) (11... Rg8) ({even} 11... O-O $5)
) 11. Be2 {
White's tried most legal moves here, in the few games there have been} g5 12.
Be1 $146 (12. Nb3 Qc7 13. fxg5 Ne5 14. Qe3 ({and} 14. Qf2 {have been played}))
12... Qc7 13. f5 $5 ({I expected} 13. g3) (13. Rf1 $1 gxf4 14. Qxf4 e5 $2 (
14... Ne5 15. Kb1 Bd7 16. h3 {
this looks like a typical K-Br position, but the computer sways for White.})
15. Nd5 Qd8 16. Ne6 $1 fxe6 17. Bh5+ Kf8 18. Qg4 Rg8 19. Qxe6 Rg7 20. Bh4 $18)
13... Ne5 $6 (13... e5 14. Nb3 b5 15. a3 Bb7 16. Kb1 Rc8 17. Ka1 $5 {
(avoiding ...Nxe4)}) 14. Qg3 (14. Qh3 $5 {
could be stronger than I realized at the time} g4 ({seeing how} 14... Qd7 15.
Rf1 {when Black's king won't be vacating the center for a while}) 15. Qe3 Bd7
16. Bh4 O-O-O 17. Rhf1 Rdf8 18. Rf2 {and the pressure keeps mounting}) 14...
Bd7 15. Kb1 O-O-O 16. Bf2 Rdg8 17. Rhf1 ({I expected} 17. h3) 17... h5 18. Bg1
h4 19. Qe3 g4 20. a4 (20. a3 $5) (20. Nb3 Rh5 $5) 20... Ne8 (20... Qc5 $5) 21.
Nb3 h3 22. g3 Bg5 $6 23. Qa7 Qb8 24. Qb6 Bd8 25. Qb4 Qc7 26. Nd4 $2 {
He compounded the inaccuracy by offering a draw.} (26. Nd2 $1 {
could well be more than Black can handle.}) 1/2-1/2

[Event "Mechanics' Winter TNM; G/2"]
[Site "San Francisco"]
[Date "2017.01.31"]
[Round "5.3"]
[White "Askin, Michael"]
[Black "Wong, Russell"]
[Result "1-0"]
[WhiteElo "2081"]
[BlackElo "2201"]
[PlyCount "53"]
[EventDate "2017.??.??"]

1. e4 d5 2. exd5 Qxd5 3. Nc3 Qd6 4. d4 Nc6 5. Nb5 Qd7 6. Bf4 e5 7. dxe5 Qe7 8.
e6 Qxe6+ 9. Be2 Bb4+ 10. c3 Ba5 11. Bxc7 a6 12. Nd6+ Ke7 13. Nxc8+ Rxc8 14.
Bxa5 Nxa5 15. Qd4 Nc4 16. O-O-O Nf6 17. Nh3 Nxb2 18. Qb4+ Ke8 19. Nf4 Qe4 20.
Bb5+ axb5 21. Rde1 Nc4 22. Rxe4+ Nxe4 23. Re1 f5 24. f3 Ncd6 25. Qxd6 Rxc3+ 26.
Kb1 Rc1+ 27. Kxc1 1-0

[Event "Mechanics' Spring TNM; G/2"]
[Site "San Francisco"]
[Date "2017.03.28"]
[Round "3.11"]
[White "Askin, Michael"]
[Black "Yamamoto, Craig"]
[Result "1-0"]
[WhiteElo "2050"]
[BlackElo "1500"]
[PlyCount "39"]
[EventDate "2017.??.??"]

1. d4 e6 2. Nf3 Nf6 3. g3 d5 4. Bg2 c5 5. c4 dxc4 6. O-O Nc6 7. Ne5 Qc7 8. Nxc6
bxc6 9. Na3 cxd4 10. Nxc4 Bb7 11. Bf4 Qd7 12. Ne5 Qc8 13. Rc1 c5 14. Qa4+ Ke7
15. Rxc5 Qxc5 16. Bxb7 Re8 17. Rc1 Qb6 18. Nc6+ Kd7 19. Na5+ Ke7 20. Rc7+ 1-0

[Event "Mechanics' Spring TNM; G/2"]
[Site "San Francisco"]
[Date "2017.03.21"]
[Round "2.9"]
[White "Babayan, Gagik"]
[Black "Bayaraa, Chinguun"]
[Result "0-1"]
[WhiteElo "1806"]
[BlackElo "2134"]
[PlyCount "44"]
[EventDate "2017.??.??"]

1. e4 c5 2. Nf3 d6 3. d4 cxd4 4. Nxd4 Nf6 5. Nc3 a6 6. Bc4 e6 7. Bb3 Nbd7 8. f4
Nc5 9. Qf3 Qc7 10. Be3 Be7 11. g4 b5 12. a3 Bb7 13. Rf1 Nfxe4 14. Qh3 Nxc3 15.
bxc3 Nxb3 16. cxb3 Qxc3+ 17. Kf2 Bf6 18. Rac1 Qa5 19. Nf3 Bxf3 20. Qxf3 O-O 21.
g5 Be7 22. Bd4 Qd2+ 0-1

[Event "Mechanics' Summer TNM; G/2 d5"]
[Site "San Francisco"]
[Date "2017.05.23"]
[Round "1.30"]
[White "Babayan, Gagik"]
[Black "Capdeville, Barry"]
[Result "1-0"]
[WhiteElo "1807"]
[BlackElo "1177"]
[PlyCount "87"]
[EventDate "2017.??.??"]

1. e4 e5 2. Nf3 Nf6 3. d4 Nxe4 4. dxe5 d5 5. Bd3 Nc5 6. Be2 Bg4 7. h3 Bxf3 8.
Bxf3 c6 9. O-O Be7 10. b4 Ne6 11. c3 Bg5 12. Bg4 O-O 13. f4 Be7 14. Be3 Nd7 15.
Bxe6 fxe6 16. Qg4 Rf7 $2 (16... Rf5) 17. Qxe6 Nf8 18. Qg4 Ng6 19. Nd2 Qc7 20.
Nb3 Bf8 21. g3 Ne7 22. Nd4 Re8 23. Rae1 Kh8 24. Bd2 Ng8 25. Kg2 Nh6 26. Qe2 Nf5
27. Nxf5 Rxf5 28. g4 Rf7 29. f5 Qd8 30. Bf4 Bd6 31. Qd2 Bc7 32. e6 Rff8 33.
Bxc7 Qxc7 34. Qe3 b6 35. g5 Qd8 36. h4 d4 37. Qxd4 Qc8 38. f6 Qb7 39. fxg7+
Qxg7 40. Rxf8+ Rxf8 41. Qxg7+ Kxg7 42. Kg3 Rd8 43. Kg4 Rd6 44. e7 1-0

[Event "Mechanics' Summer TNM; G/2 d5"]
[Site "San Francisco"]
[Date "2017.07.11"]
[Round "7.14"]
[White "Babayan, Gagik"]
[Black "Davila, Carlos"]
[Result "0-1"]
[WhiteElo "1807"]
[BlackElo "2176"]
[PlyCount "62"]
[EventDate "2017.??.??"]

1. e4 c6 2. d4 d5 3. Nc3 dxe4 4. Nxe4 Bf5 5. Ng3 Bg6 6. h4 h6 7. h5 Bh7 8. Nf3
Nd7 9. Bd3 Bxd3 10. Qxd3 Ngf6 11. Bd2 e6 12. O-O-O Be7 13. c4 b5 14. c5 $2 {
Diagram [#]} Nxc5 15. Qe3 Nd5 16. Qe2 Na4 17. Ne5 O-O 18. Kb1 Rc8 19. Rc1 a5
20. Nxc6 Rxc6 21. Rxc6 Bb4 22. a3 Bxd2 23. Qxd2 b4 24. axb4 Nxb4 25. Rc4 Qd5
26. Rxb4 axb4 27. Qxb4 Qa8 $1 28. Kc1 Rb8 29. Qa3 Qc6+ 30. Kb1 Nc3+ 31. Ka1 Ra8
0-1

[Event "Mechanics' Spring TNM; G/2"]
[Site "San Francisco"]
[Date "2017.04.18"]
[Round "6.13"]
[White "Babayan, Gagik"]
[Black "Eastham, Asher"]
[Result "1-0"]
[WhiteElo "1806"]
[BlackElo "1566"]
[Annotator "Donaldson"]
[PlyCount "33"]
[EventDate "2017.??.??"]

1. e4 e5 2. Nf3 Nc6 3. Bb5 a6 4. Bxc6 dxc6 5. O-O Nf6 $2 {
Black has many tries here} (5... Bg4) (5... f6) (5... Ne7) (5... Bd6) (5... Qe7
) (5... Qf6 {and}) (5... Be6 {The text just loses a pawn.}) 6. Nxe5 Bd6 (6...
Qd4 7. Nf3 Qxe4 8. Re1) 7. Nf3 Be7 8. Re1 O-O 9. d4 Bg4 10. c3 Re8 11. Bg5 Qd7
12. Nbd2 Rad8 13. Qc2 c5 14. d5 c6 15. Ne5 Qc7 $2 (15... Qc8) 16. Bxf6 Bxf6 17.
Nxg4 1-0

[Event "Mechanics' Peter Grey TNM; G/2 d5"]
[Site "San Francisco"]
[Date "2017.08.29"]
[Round "4.25"]
[White "Babayan, Gagik"]
[Black "Erdenebileg, Erkhe"]
[Result "1-0"]
[WhiteElo "1813"]
[BlackElo "1421"]
[PlyCount "69"]
[EventDate "2017.??.??"]

1. e4 e5 2. Nf3 Nc6 3. d4 exd4 4. Nxd4 Nxd4 5. Qxd4 d6 (5... Ne7) 6. Nc3 Nf6 7.
Bg5 Be7 8. O-O-O h6 9. Bh4 O-O 10. f3 a6 11. g4 Nh7 12. Bg3 Re8 13. Nd5 c6 14.
Nxe7+ Qxe7 15. Qxd6 Qxd6 16. Rxd6 Ng5 17. Bg2 Kf8 18. h4 Nh7 19. Rhd1 Be6 20.
b3 Rac8 21. c4 b5 22. cxb5 axb5 23. Bf1 g6 24. Bf2 Kg8 25. R1d2 Nf6 26. g5 hxg5
27. hxg5 Nh7 28. Be3 Kg7 29. Rc2 f6 30. gxf6+ Nxf6 31. Rdxc6 Rxc6 32. Rxc6 Bd7
33. Rc7 Rc8 34. Rxc8 Bxc8 35. Bxb5 1-0

[Event "Mechanics' Winter TNM; G/2"]
[Site "San Francisco"]
[Date "2017.01.31"]
[Round "5.15"]
[White "Babayan, Gagik"]
[Black "Erickson, Lane"]
[Result "1-0"]
[WhiteElo "1850"]
[BlackElo "1648"]
[Annotator "Donaldson"]
[PlyCount "37"]
[EventDate "2017.??.??"]

1. e4 c6 2. Nf3 d5 3. Nc3 dxe4 4. Nxe4 Nf6 5. Nxf6+ exf6 6. d4 Bg4 7. c3 Nd7 8.
a4 c5 9. Be2 Bd6 10. O-O O-O 11. h3 Bh5 12. Nh4 Bxe2 13. Qxe2 cxd4 14. cxd4 Re8
15. Qg4 Nf8 16. Nf5 Ng6 (16... g6) 17. h4 Bf8 $2 (17... h5 18. Qxh5 Ne7) 18. h5
Ne7 $4 {Diagram [#]} (18... Qc8 19. hxg6 hxg6 20. Ne3 Qxg4 21. Nxg4 Re4 22. Ne3
Rxd4 23. Rd1 Rad8 {
should be winning for White but allows Black to keep fighting.}) 19. Nh6+ 1-0

[Event "Mechanics' Fall TNM; G/2 d5"]
[Site "San Francisco"]
[Date "2017.11.07"]
[Round "3.27"]
[White "Babayan, Gagik"]
[Black "Hilliard, Michael"]
[Result "1-0"]
[WhiteElo "1769"]
[BlackElo "1493"]
[Annotator "Winslow,E"]
[PlyCount "179"]
[EventDate "2017.??.??"]

1. e4 c6 2. Nc3 d5 3. Nf3 dxe4 4. Nxe4 Nd7 5. d4 Ngf6 6. Nxf6+ Nxf6 7. Bc4 Bg4
8. c3 $2 (8. Ne5 Qa5+ (8... Bxd1 $4)) (8. Bxf7+ $1) 8... e6 {Gone forever...}
9. h3 Bh5 10. Bf4 Bd6 11. Bg5 h6 12. Be3 Qb6 13. b3 Qc7 14. Bd3 O-O-O 15. g4
Bg6 16. Bxg6 fxg6 17. Qc2 g5 18. O-O-O Rhf8 19. Nd2 Nd5 20. Nc4 Rf6 21. Kb2
Rdf8 22. Nxd6+ Qxd6 23. Rd2 Nxe3 24. fxe3 Qg3 25. Qe4 Kd7 26. Ka3 Qd6+ 27. Kb2
Rf2 28. Qc2 Qg3 29. Ka3 Qxe3 30. Rxf2 Rxf2 31. Qc1 Qxc1+ 32. Rxc1 Rh2 33. Rf1
Ke7 34. Rf3 b5 35. b4 Re2 36. Kb3 a6 37. a4 Re4 38. a5 Ke8 39. Kc2 Ke7 40. Kd3
Rf4 41. Re3 Kd6 42. c4 Rf1 43. c5+ Kd7 44. Kc3 Rc1+ 45. Kb3 Rc4 46. Re4 Ke7 47.
Ka3 Rc3+ 48. Kb2 Rxh3 49. Kc2 g6 50. Re2 Kd7 51. Rf2 Ke7 52. Re2 Rf3 (52... h5)
53. d5 cxd5 54. c6 Rf8 55. Kd3 Rc8 56. Rh2 Rxc6 57. Rxh6 Kf6 58. Rh7 e5 59. Rb7
Ke6 60. Rg7 e4+ 61. Kd4 Rc4+ 62. Ke3 Kf6 63. Rb7 Rc6 64. Rb6 Re6 65. Rb8 Ke5
66. Rd8 Rf6 67. Re8+ Kd6 68. Ra8 Kd7 69. Kd4 Kc7 70. Kxd5 Kb7 71. Re8 Rf4 72.
Rxe4 Rxe4 73. Kxe4 Kc6 74. Ke5 Kd7 75. Kf6 Kd6 76. Kxg6 Kd5 77. Kxg5 Kc4 78.
Kf6 Kxb4 79. g5 Ka3 80. g6 b4 81. g7 b3 82. g8=Q b2 83. Qg1 Ka2 84. Ke6 b1=Q
85. Qxb1+ Kxb1 86. Kd6 Kb2 87. Kc6 Kb3 88. Kb6 Kc4 89. Kxa6 Kc5 90. Kb7 1-0

[Event "Mechanics' Winter TNM; G/2"]
[Site "San Francisco"]
[Date "2017.01.17"]
[Round "3.22"]
[White "Babayan, Gagik"]
[Black "Karweit, Alex W"]
[Result "1-0"]
[WhiteElo "1850"]
[BlackElo "1422"]
[PlyCount "85"]
[EventDate "2017.??.??"]

1. e4 c6 2. Nc3 d5 3. Nf3 dxe4 4. Nxe4 Bf5 5. Ng3 Bg4 6. h3 Bxf3 7. Qxf3 Nf6 8.
Bc4 e6 9. d3 h6 10. O-O Nbd7 11. Re1 Bc5 12. Bd2 Qb6 13. Rab1 O-O-O 14. a4 Qc7
15. b4 Ne5 16. Rxe5 Bxf2+ 17. Qxf2 Qxe5 18. Bf4 Qd4 19. Be3 Qd7 20. Bxa7 b5 21.
axb5 cxb5 22. Qb6 Qb7 23. Bxb5 Qxb6+ 24. Bxb6 Rd6 25. Bc5 Rdd8 26. Ra1 Nd5 27.
Ra8+ Kc7 28. Ra7+ Kc8 29. Rxf7 Nc7 30. Bc4 Rd7 31. Rf4 Re8 32. Ne4 Kb8 33. Rf1
Red8 34. Ra1 g5 35. b5 g4 36. hxg4 Rg7 37. b6 Nd5 38. Bd6+ Rxd6 39. Nxd6 Nxb6
40. Rb1 Ka7 41. Nb5+ Kb7 42. Bxe6 Re7 43. Bf5 1-0

[Event "Mechanics' Spring TNM; G/2"]
[Site "San Francisco"]
[Date "2017.05.02"]
[Round "8.11"]
[White "Babayan, Gagik"]
[Black "Krasnov, Steven"]
[Result "0-1"]
[WhiteElo "1806"]
[BlackElo "2043"]
[PlyCount "70"]
[EventDate "2017.??.??"]

1. e4 c5 2. Nf3 d6 3. d4 cxd4 4. Nxd4 Nf6 5. Nc3 a6 6. Bc4 Qc7 7. Bb3 e6 8. O-O
Be7 9. f4 Nc6 10. Nxc6 bxc6 11. Be3 O-O 12. Qf3 Bd7 13. g4 d5 14. e5 Ne8 15.
Ne2 f6 16. Qg3 c5 17. c3 Rb8 18. Rab1 Bb5 19. Rbe1 a5 20. Bc1 Qa7 21. Bc2 Bd8
22. h4 Bb6 23. Kh2 fxe5 24. f5 exf5 25. Rxf5 Rxf5 26. Bxf5 Qf7 27. Ng1 Bc7 28.
Kg2 e4 29. Bf4 Rb7 30. Nh3 h6 31. Bxc7 Nxc7 32. Nf4 Bd7 33. Bg6 Rxb2+ 34. Kh3
Qf6 35. Rf1 Rc2 0-1

[Event "Mechanics' Fall TNM; G/2 d5"]
[Site "San Francisco"]
[Date "2017.12.05"]
[Round "7.28"]
[White "Babayan, Gagik"]
[Black "Marquez, Martin"]
[Result "0-1"]
[WhiteElo "1769"]
[BlackElo "1510"]
[PlyCount "54"]
[EventDate "2017.??.??"]

1. d4 e5 2. dxe5 Nc6 3. Nf3 Qe7 4. Qd5 Nb4 5. Qb3 Qe6 6. Qxe6+ dxe6 7. Na3 Bc5
8. c3 Nc6 9. b4 Bb6 10. Nc4 Nge7 11. a4 a5 12. b5 Nb8 13. Nxb6 cxb6 14. Ng5 O-O
15. Ba3 Re8 16. e3 Nd7 17. f4 Nd5 18. Kd2 Nc5 19. Bxc5 bxc5 20. Ne4 Rd8 21. Nd6
Nb6 22. Kc2 Nd5 23. g3 Nxe3+ 24. Kd3 Nf5 25. Kc4 b6 26. Nxf5 exf5 27. Bg2 Be6+
0-1

[Event "Mechanics' Peter Grey TNM; G/2 d5"]
[Site "San Francisco"]
[Date "2017.08.15"]
[Round "2.2"]
[White "Babayan, Gagik"]
[Black "O'Connor, Derek"]
[Result "0-1"]
[WhiteElo "1813"]
[BlackElo "2300"]
[PlyCount "114"]
[EventDate "2017.??.??"]

1. e4 c6 2. d4 d5 3. e5 Bf5 4. Bd3 Bxd3 5. Qxd3 Qa5+ 6. Bd2 Qa6 7. Qxa6 Nxa6 8.
b4 e6 9. c3 Ne7 10. a4 Nc7 11. Na3 Ng6 12. Ne2 Be7 13. O-O O-O 14. f4 f5 15.
Nc2 Rfc8 16. Rfb1 Nf8 17. Nc1 Nd7 18. Nd3 Nb6 19. Ne3 Nc4 20. Nxc4 dxc4 21. Nc5
b6 22. Nb7 Rcb8 23. Nd6 Bxd6 24. exd6 Ne8 25. Re1 Kf7 26. d7 Nd6 27. Re5 Rb7
28. b5 cxb5 29. axb5 Rxd7 30. Ra4 Rc8 31. Kf1 Ne4 32. Be1 Rcc7 33. Ra2 Rd5 34.
h4 h5 35. Ke2 Nd6 36. Rb2 Rc8 37. Kd2 Ra8 38. Kc2 Ke7 39. Bd2 Kd7 40. Rb1 a6
41. Rxd5 exd5 42. bxa6 Rxa6 43. Kb2 Ra5 44. Kc2 Ra2+ 45. Rb2 Rxb2+ 46. Kxb2 Kc6
47. Kc2 Kb5 48. g3 Ka4 49. Kb2 b5 50. Be1 Nb7 51. Ka2 Na5 52. Kb2 Nc6 53. Bd2
b4 54. cxb4 Nxd4 55. Be1 Nb5 56. Kc2 d4 57. Bf2 Kxb4 0-1

[Event "Mechanics' Fall TNM; G/2 d5"]
[Site "San Francisco"]
[Date "2017.10.24"]
[Round "1.31"]
[White "Babayan, Gagik"]
[Black "Otterbach, Renate"]
[Result "1-0"]
[WhiteElo "1769"]
[BlackElo "1159"]
[PlyCount "83"]
[EventDate "2017.??.??"]

1. e4 e6 2. d4 d5 3. Nd2 c5 4. exd5 exd5 5. Bb5+ Bd7 6. Qe2+ Be7 7. dxc5 Nf6 8.
Ngf3 O-O 9. Nb3 Nc6 10. Bxc6 Bxc6 11. O-O Ne4 12. Be3 Bd7 13. Nfd2 Rc8 14. Nxe4
dxe4 15. Rfd1 Rc7 16. c3 Qc8 17. Qc4 Bg4 18. Rd2 Qf5 19. Rd5 Qg6 20. Nd4 Kh8
21. Bf4 Rcc8 22. b4 Be6 23. Nxe6 fxe6 24. Rd7 Bh4 25. Bg3 Bxg3 26. hxg3 e3 27.
fxe3 Qxg3 28. Qe2 Rf5 29. Rad1 Rcf8 30. Rd8 Rg8 31. Rxg8+ Kxg8 32. Rf1 Rxf1+
33. Kxf1 Qh4 34. Qb5 Qh1+ 35. Kf2 Qh4+ 36. Ke2 Qg4+ 37. Ke1 Qh5 38. Qxb7 Qh1+
39. Kf2 Qh4+ 40. Ke2 Qh5+ 41. Kd2 Qe8 42. c6 1-0

[Event "Mechanics' Winter TNM; G/2"]
[Site "San Francisco"]
[Date "2017.02.21"]
[Round "8.11"]
[White "Babayan, Gagik"]
[Black "Sevall, Jacob"]
[Result "0-1"]
[WhiteElo "1850"]
[BlackElo "2082"]
[PlyCount "72"]
[EventDate "2017.??.??"]

1. e4 Nc6 2. d4 e5 3. d5 Nce7 4. Nf3 Ng6 5. Be2 Bc5 6. Be3 Bxe3 7. fxe3 d6 8.
O-O Nf6 9. Nc3 O-O 10. h3 Ne8 11. Qe1 f5 12. exf5 Bxf5 13. Bd3 Bxd3 14. cxd3
Nf6 15. g3 c6 16. dxc6 bxc6 17. b3 Qe7 18. Rc1 e4 19. dxe4 Nxe4 20. Nxe4 Qxe4
21. Rc4 Qe6 22. Kg2 Rxf3 23. Rxf3 Ne5 24. Rff4 Nxc4 25. Rxc4 d5 26. Rg4 Re8 27.
Qc3 Re7 28. Rf4 h6 29. Rf3 Qd6 30. b4 Re4 31. a3 Rc4 32. Qd3 Re4 33. Rf4 Re7
34. Rf3 Qe6 35. g4 Qe4 36. Qc3 $4 Rf7 0-1

[Event "Mechanics' Fall TNM; G/2 d5"]
[Site "San Francisco"]
[Date "2017.11.21"]
[Round "5.25"]
[White "Babayan, Gagik"]
[Black "Touset, Stephen Ka"]
[Result "0-1"]
[WhiteElo "1769"]
[BlackElo "1566"]
[PlyCount "76"]
[EventDate "2017.??.??"]

1. e4 d6 2. d4 Nf6 3. Nc3 e5 4. dxe5 dxe5 5. Qxd8+ Kxd8 6. a3 a6 7. Nf3 Bd6 8.
Bc4 Be6 9. Bxe6 fxe6 10. Bg5 Nbd7 11. O-O-O Ke7 12. Nd2 b5 13. g3 h6 14. Bxf6+
Nxf6 15. Rhf1 Bc5 16. h3 Rhf8 17. Nb3 Bb6 18. f3 Be3+ 19. Kb1 c5 20. Rde1 Bd4
21. Nxd4 exd4 22. Ne2 e5 23. g4 c4 24. c3 d3 25. Ng3 g6 26. Kc1 Nd7 27. Kd2 Nc5
28. Ke3 Rad8 29. Rf2 Nb3 30. Rd1 d2 31. Ke2 Rd3 32. Rdf1 a5 33. h4 Rfd8 34. Kd1
b4 35. axb4 axb4 36. cxb4 Ra8 37. Ne2 Ra1+ 38. Kc2 d1=Q+ 0-1

[Event "Mechanics' Peter Grey TNM; G/2 d5"]
[Site "San Francisco"]
[Date "2017.09.26"]
[Round "8.22"]
[White "Babayan, Gagik"]
[Black "Tuck, Drew"]
[Result "1/2-1/2"]
[WhiteElo "1813"]
[BlackElo "1624"]
[Annotator "Donaldson"]
[PlyCount "66"]
[EventDate "2017.??.??"]

1. e4 c5 2. Nf3 Nc6 3. d4 cxd4 4. Nxd4 Nf6 5. Nc3 e5 6. Ndb5 d6 7. Bg5 a6 8.
Na3 b5 9. Nd5 Be7 10. Bxf6 Bxf6 11. c3 O-O 12. Nc2 Bg5 13. g3 f5 14. h4 Bh6 15.
Bg2 g6 16. Nce3 Bxe3 17. Nxe3 f4 18. Ng4 fxg3 19. Qd5+ Kg7 20. fxg3 Qb6 21. Bh3
Bxg4 22. Bxg4 Qe3+ 23. Kd1 {Diagram [#]} Na5 (23... Ne7 $1) 24. b3 Qxc3 25. Rc1
Qxg3 26. Rc7+ Kh8 27. Be2 Rac8 28. Rxc8 Rxc8 29. Qe6 Qc3 30. Qf6+ Kg8 31. Qe6+
Kg7 32. Qe7+ Kh6 33. Qg5+ Kg7 1/2-1/2